000 00899nam a2200265 4500
003 OSt
005 20260601193854.0
008 260417b19982001NYU||||| |||| 00| 0 eng d
020 _a0500280770
040 _aUKM
_cUKM
_dDAY
_dOCL
041 _aENG
050 _aTA174
_bW55 1998
100 1 _aWildbur, Peter,
_d1927-,
_932837
245 1 _aInformation graphics :
_binnovative solutions in contemporary design /
_cPeter Wildbur and Michael Burke
264 _bThames and Hudson,
_cc1998
_aLondon :
300 _a176 páginas :
_bhojas (algunas a color), mapas (algunos a color)
336 _atexto
_2rdacontent
337 _asin medio
_2rdamedia
338 _avolumen
_2rdacarrier
650 _aDiseño asistido por computadora
_vManuales
650 _aGráficas por computadora
650 _aGráficas en ingeniería
_932840
700 1 _aBurke, Michael,
_d1949- ,
_eautor
_932841
942 _2lcc
_cB
999 _c21995
_d21995